Statistics for Canadian Provinces(And Territories) by Population

Click here to take the quiz!

General Stats

  • This quiz has been taken 28 times
  • The average score is 10 of 13

Answer Stats

PopulationProvince(Or Territory)% Correct
14,446,515Ontario
100%
8,433,301Quebec
100%
5,020,302British Columbia
90%
1,168,423Saskatchewan
90%
4,345,737Alberta
86%
1,360,396Manitoba
81%
965,382Nova Scotia
76%
40,369Yukon
76%
523,790Newfoundland And Labrador
71%
154,748Prince Edward Island
67%
772,094New Brunswick
62%
44,598Northwest Territories
62%
38,787Nunavut
57%

Score Distribution

Percentile by Number Answered

Percent of People with Each Score

Your Score History

You have not taken this quiz